[Event "XV Festival A"]
[Site "Trieste ITA"]
[Date "2013.08.31"]
[Round "1"]
[White "Ivanovic, Andrej"]
[Black "Gleizerov, Evgeny"]
[WhiteElo "2143"]
[BlackElo "2567"]
[Result "0-1"]
[PlyCount "58"]
[EventDate "2013.08.31"]

1. d4 e6 2. c4 f5 3. g3 Nf6 4. Bg2 d5 5. Nf3 c6 6. O-O Bd6 7. b3 Qe7 8. Ne5 O-O
9. Bb2 b6 10. cxd5 exd5 11. Nd2 Bb7 12. Ndf3 a5 13. Qc2 Ne4 14. e3 Na6 15. Rac1
c5 16. Rfd1 a4 17. Nd3 axb3 18. axb3 Rac8 19. dxc5 bxc5 20. Nd2 Rfd8 21. Bh3 c4
22. bxc4 dxc4 23. Nxc4 Ng5 24. Bxf5 Nf3+ 25. Kf1 Nxh2+ 26. Ke1 Bd5 27. Qa4 Bxg3
28. Qxa6 Bxc4 29. Rxc4 Qxe3# 0-1

[Event "XV Festival A"]
[Site "Trieste ITA"]
[Date "2013.08.31"]
[Round "1"]
[White "Janzelj, Tim"]
[Black "Franca, Veronika"]
[WhiteElo "2242"]
[BlackElo "1927"]
[Result "1-0"]
[PlyCount "93"]
[EventDate "2013.08.31"]

1. d4 Nf6 2. c4 e6 3. Nf3 Bb4+ 4. Nbd2 b6 5. a3 Bxd2+ 6. Bxd2 Bb7 7. Bg5 h6 8.
Bh4 g5 9. Bg3 Ne4 10. e3 d6 11. Bd3 Nd7 12. Qc2 f5 13. h3 Nxg3 14. fxg3 Nf6 15.
d5 exd5 16. Bxf5 Qe7 17. Bg6+ Kd8 18. O-O c5 19. cxd5 Bxd5 20. Rad1 Kc7 21. Nd4
Raf8 22. Nb5+ Kb8 23. Kh2 Be4 24. Bxe4 Nxe4 25. Rf3 a6 26. Nc3 Nxc3 27. Qxc3
Kc7 28. Qd3 b5 29. a4 Rxf3 30. gxf3 Rb8 31. b4 Rb6 32. axb5 axb5 33. Ra1 Qe5
34. Ra2 Kc6 35. Rd2 Qe6 36. f4 gxf4 37. exf4 Ra6 38. bxc5 dxc5 39. f5 Qc8 40.
Qd6+ Kb7 41. Qe7+ Kb6 42. Rd6+ Ka5 43. Qe1+ b4 44. Qa1+ Kb5 45. Qxa6+ Qxa6 46.
Rxa6 Kxa6 47. f6 1-0

[Event "XV Festival A"]
[Site "Trieste ITA"]
[Date "2013.08.31"]
[Round "1"]
[White "Kuljasevic, Davorin"]
[Black "Vezzani, Stefano"]
[WhiteElo "2577"]
[BlackElo "2162"]
[Result "1-0"]
[PlyCount "39"]
[EventDate "2013.08.31"]

1. d4 d6 2. Nf3 Nf6 3. c4 Nbd7 4. Nc3 e5 5. Bg5 Be7 6. Qc2 c6 7. O-O-O Qc7 8.
e3 b6 9. Bd3 Bb7 10. Bf5 Rd8 11. Rd2 g6 12. Bh3 h6 13. Bh4 Nh5 14. Rhd1 Bc8 15.
dxe5 dxe5 16. Ne4 g5 17. Bg3 Nxg3 18. hxg3 O-O 19. Bf5 f6 20. Nexg5 1-0

[Event "XV Festival A"]
[Site "Trieste ITA"]
[Date "2013.08.31"]
[Round "1"]
[White "Linder, Oliver"]
[Black "Chetverik, Maxim"]
[WhiteElo "1983"]
[BlackElo "2260"]
[Result "1/2-1/2"]
[PlyCount "110"]
[EventDate "2013.08.31"]

1. d4 f5 2. Bg5 c6 3. Qd3 Qa5+ 4. Bd2 Qb6 5. Nc3 e6 6. O-O-O Nf6 7. e4 g6 8. h4
d5 9. exf5 gxf5 10. Re1 Be7 11. Bg5 O-O 12. Nf3 Na6 13. Bh6 Nb4 14. Qd2 Ne4 15.
Nxe4 fxe4 16. Bxf8 Kxf8 17. Ne5 Ke8 18. Rh3 c5 19. a3 Nc6 20. Rb3 Qc7 21. Nxc6
bxc6 22. dxc5 Bxc5 23. f3 e3 24. Rbxe3 Bxe3 25. Qxe3 Rb8 26. Qe5 Qxe5 27. Rxe5
Kf7 28. Bd3 h6 29. g4 Bd7 30. f4 Kg7 31. Re1 Rf8 32. Rf1 c5 33. b3 e5 34. fxe5
Rxf1+ 35. Bxf1 Bxg4 36. Bg2 Be6 37. h5 d4 38. Bf3 Bf5 39. Kd2 Kf7 40. Bd5+ Ke7
41. c3 Bg4 42. cxd4 cxd4 43. Kd3 Bxh5 44. b4 Be8 45. Kxd4 h5 46. Ke4 Bd7 47.
Kf4 h4 48. b5 Be6 49. Bxe6 Kxe6 50. a4 h3 51. Kg3 Kxe5 52. a5 Kd6 53. b6 axb6
54. axb6 Kc6 55. Kxh3 Kxb6 1/2-1/2

[Event "XV Festival A"]
[Site "Trieste ITA"]
[Date "2013.08.31"]
[Round "1"]
[White "Oparin, Grigoriy"]
[Black "Matijevic, Filip"]
[WhiteElo "2504"]
[BlackElo "2136"]
[Result "1-0"]
[PlyCount "55"]
[EventDate "2013.08.31"]

1. e4 e5 2. Nf3 Nc6 3. Bb5 Nf6 4. d3 d6 5. O-O Be7 6. c3 O-O 7. Re1 Bd7 8. Ba4
Re8 9. Nbd2 Bf8 10. h3 h6 11. d4 g6 12. Bc2 Bg7 13. Nf1 Nh5 14. Be3 Qe7 15. Qd2
Kh7 16. Rad1 b6 17. dxe5 Nxe5 18. Nxe5 Qxe5 19. f4 Qe7 20. e5 Bb5 21. g4 Nxf4
22. Bxf4 dxe5 23. Bg3 Rad8 24. Qf2 Rxd1 25. Rxd1 e4 26. Ne3 c6 27. Rd6 Rc8 28.
Nf5 1-0

[Event "XV Festival A"]
[Site "Trieste ITA"]
[Date "2013.08.31"]
[Round "1"]
[White "Postny, Evgeny"]
[Black "Basso, Pier Luigi"]
[WhiteElo "2628"]
[BlackElo "2208"]
[Result "1-0"]
[PlyCount "53"]
[EventDate "2013.08.31"]

1. d4 f5 2. g3 Nf6 3. Bg2 g6 4. Nf3 Bg7 5. c4 d6 6. O-O O-O 7. Nc3 c6 8. b3 Na6
9. Bb2 Nh5 10. d5 e5 11. dxe6 Bxe6 12. Qd2 Qe7 13. Rad1 Rad8 14. Nd4 f4 15.
Nxe6 Qxe6 16. Ne4 Bxb2 17. Qxb2 fxg3 18. hxg3 Nc5 19. Nxc5 dxc5 20. Bf3 Qf5 21.
Qa3 Qg5 22. Rxd8 Rxd8 23. Qxa7 Rd7 24. Bxc6 Re7 25. Bf3 Kg7 26. Qb8 Rd7 27.
Bxb7 1-0

[Event "XV Festival A"]
[Site "Trieste ITA"]
[Date "2013.08.31"]
[Round "1"]
[White "Pregarac, Valter"]
[Black "Tratar, Marko"]
[WhiteElo "2135"]
[BlackElo "2503"]
[Result "0-1"]
[PlyCount "84"]
[EventDate "2013.08.31"]

1. d4 e6 2. e4 d5 3. exd5 exd5 4. Bd3 c5 5. dxc5 Bxc5 6. Nf3 Nf6 7. O-O O-O 8.
Bg5 h6 9. Bh4 g5 10. Bg3 Ne4 11. c4 Nxg3 12. hxg3 dxc4 13. Bxc4 Qxd1 14. Rxd1
Nc6 15. Nc3 Bg4 16. Ne4 Be7 17. Rd2 Rad8 18. Rad1 Kg7 19. Nd6 Bxd6 20. Rxd6
Bxf3 21. gxf3 Rxd6 22. Rxd6 Rd8 23. Rxd8 Nxd8 24. Kg2 Kf6 25. Kh3 h5 26. g4 h4
27. f4 Ne6 28. fxg5+ Kxg5 29. f3 Nf4+ 30. Kh2 f5 31. gxf5 Kxf5 32. Kg1 Ke5 33.
Kf2 Kd4 34. Bf1 a5 35. a4 Nd3+ 36. Kg2 Nf4+ 37. Kf2 Nd3+ 38. Kg2 Nxb2 39. Kh3
Nxa4 40. f4 Nc5 41. Kxh4 a4 42. f5 a3 0-1

[Event "XV Festival A"]
[Site "Trieste ITA"]
[Date "2013.08.31"]
[Round "1"]
[White "Scholzen, Wolfgang"]
[Black "Jovanic, Ognjen"]
[WhiteElo "2138"]
[BlackElo "2519"]
[Result "0-1"]
[PlyCount "80"]
[EventDate "2013.08.31"]

1. d4 d5 2. Nf3 Nf6 3. e3 Bg4 4. c4 dxc4 5. Bxc4 e6 6. O-O a6 7. Nc3 Nc6 8. a3
Bd6 9. b4 O-O 10. Qc2 Bxf3 11. gxf3 e5 12. d5 Ne7 13. Kh1 Qd7 14. Rg1 Qh3 15.
Qd1 Qh4 16. Qf1 Ng6 17. Be2 Nd7 18. Qg2 f5 19. Bb2 Rf7 20. Raf1 Nb6 21. Qg5
Qxg5 22. Rxg5 Be7 23. Rgg1 Rd8 24. Rd1 Kf8 25. Rc1 Bh4 26. Kg2 Rfd7 27. Bd3 Ne7
28. e4 Bf6 29. b5 Ng6 30. Ne2 Nh4+ 31. Kg3 f4+ 32. Kg4 h5+ 33. Kxh5 Nxf3 34.
bxa6 Nxg1 35. Nxg1 c6 36. axb7 cxd5 37. exd5 Rxb7 38. Re1 Nxd5 39. Bxe5 Bxe5
40. Rxe5 Nf6+ 0-1

[Event "XV Festival A"]
[Site "Trieste ITA"]
[Date "2013.08.31"]
[Round "1"]
[White "Sirnik, Bostjan"]
[Black "Mchedlishvili, Mikheil"]
[WhiteElo "2211"]
[BlackElo "2633"]
[Result "0-1"]
[PlyCount "122"]
[EventDate "2013.08.31"]

1. d4 d6 2. c3 Nf6 3. Bg5 Nbd7 4. e3 Ne4 5. Bh4 g5 6. Bd3 Ndf6 7. Bg3 h5 8. Qc2
Nxg3 9. hxg3 e6 10. Nf3 g4 11. Nfd2 Qe7 12. Nc4 b6 13. Nbd2 Bb7 14. Rh2 Bg7 15.
O-O-O O-O-O 16. a4 a6 17. Na3 Kb8 18. Kb1 Rh6 19. Rc1 Nd7 20. Rch1 Rdh8 21. Be4
d5 22. Bd3 c5 23. Qd1 e5 24. Nc2 Qe6 25. Qf1 Ka7 26. a5 bxa5 27. dxe5 Nxe5 28.
Be2 Qb6 29. Ka2 Bc8 30. Qd1 Be6 31. Ka1 Nc6 32. Na3 d4 33. Nac4 Qc7 34. cxd4
cxd4 35. Qa4 dxe3 36. fxe3 Nb4 37. Rc1 Rc8 38. Rhh1 Bd7 39. Qa3 Bf8 40. Qc3 Bb5
41. Nb3 Bxc4 42. Qd4+ Bc5 43. Nxc5 Qxc5 44. Qxc4 Qxc4 45. Rxc4 Rxc4 46. Bxc4 f5
47. Kb1 Kb6 48. b3 Nc6 49. Kc2 Ne5 50. Kc3 a4 51. Rf1 Nxc4 52. bxc4 Re6 53. Kd4
Re4+ 54. Kd5 Rxe3 55. c5+ Kc7 56. Rxf5 a3 57. Rf7+ Kd8 58. Ra7 Rxg3 59. c6 a2
60. Rxa6 Rxg2 61. Ra7 g3 0-1

[Event "XV Festival A"]
[Site "Trieste ITA"]
[Date "2013.08.31"]
[Round "1"]
[White "Solomon, Kenny"]
[Black "Visintin, Roberto"]
[WhiteElo "2372"]
[BlackElo "2098"]
[Result "1-0"]
[PlyCount "47"]
[EventDate "2013.08.31"]

1. Nf3 b6 2. e4 Bb7 3. Nc3 e6 4. d4 Bb4 5. Bd3 d5 6. exd5 Qxd5 7. O-O Qh5 8.
Bb5+ c6 9. Be2 Bxc3 10. Ne5 Qh4 11. bxc3 Qd8 12. Bh5 g6 13. Bf3 Ne7 14. Bg5 h6
15. Bf6 Rh7 16. Re1 Qc7 17. c4 Nd7 18. Nxd7 Qxd7 19. a4 a5 20. Rb1 Qc7 21. c3
Nc8 22. d5 Qd7 23. dxc6 Qxd1 24. Rexd1 1-0

[Event "XV Festival A"]
[Site "Trieste ITA"]
[Date "2013.08.31"]
[Round "1"]
[White "Srebrnic, Vojko"]
[Black "Rozentalis, Eduardas"]
[WhiteElo "2202"]
[BlackElo "2607"]
[Result "0-1"]
[PlyCount "102"]
[EventDate "2013.08.31"]

1. e4 Nf6 2. Nc3 d5 3. e5 Ne4 4. d3 Nxc3 5. bxc3 c5 6. f4 Nc6 7. Nf3 Bg4 8. Be2
e6 9. O-O Be7 10. Be3 O-O 11. h3 Bxf3 12. Bxf3 Qa5 13. Bd2 Qa4 14. Qb1 b5 15.
Qb3 Rab8 16. Rab1 Qa5 17. Ra1 c4 18. Qb1 b4 19. Qe1 cxd3 20. cxd3 bxc3 21. Bxc3
Bb4 22. Bxb4 Rxb4 23. f5 exf5 24. e6 Qc5+ 25. Kh1 Qd6 26. exf7+ Rxf7 27. Rc1
Rb8 28. Qc3 Ne5 29. Be2 g6 30. d4 Nd7 31. Qc6 Qxc6 32. Rxc6 Nf6 33. Rfc1 Ne4
34. Ba6 Kg7 35. Bc8 Re7 36. R6c2 Rb4 37. Rd1 Rc4 38. Rxc4 dxc4 39. Rc1 Nd6 40.
Ba6 Rc7 41. a4 Kf6 42. Kg1 Ke6 43. Kf2 Kd5 44. Ke3 g5 45. Rb1 Re7+ 46. Kd2 Kxd4
47. Rb8 Re8 48. Rb1 Ne4+ 49. Kc2 Nc5 50. Rd1+ Nd3 51. Bb7 Re2+ 0-1

[Event "XV Festival A"]
[Site "Trieste ITA"]
[Date "2013.08.31"]
[Round "1"]
[White "Tomazini, Zan"]
[Black "Armstrong, Malcolm J."]
[WhiteElo "2302"]
[BlackElo "2014"]
[Result "1-0"]
[PlyCount "103"]
[EventDate "2013.08.31"]

1. e4 c6 2. d4 d5 3. exd5 cxd5 4. c4 Nf6 5. Nc3 Nc6 6. Bg5 Qa5 7. Bxf6 exf6 8.
cxd5 Bb4 9. Qe2+ Kd8 10. Qc4 Re8+ 11. Be2 Bxc3+ 12. bxc3 Ne7 13. Nf3 Nxd5 14.
O-O Be6 15. Qb5 Qc7 16. Rac1 Nf4 17. Rfe1 Bd7 18. Qb2 Bc6 19. Bb5 a6 20. Bxc6
bxc6 21. Qc2 Qd7 22. Rxe8+ Qxe8 23. Re1 Qd7 24. Qxh7 Ne6 25. Qg8+ Qe8 26. Qxe8+
Kxe8 27. Rb1 Kd7 28. g3 Kc7 29. Kf1 Rd8 30. Ke2 Rd5 31. Kd3 Rf5 32. Ke4 Ra5 33.
Rb2 Ra4 34. Kd3 Ra5 35. Nd2 Rh5 36. h4 c5 37. Nb3 cxd4 38. cxd4 Rb5 39. Rc2+
Kd6 40. Rc8 g6 41. Kc4 Rf5 42. f4 g5 43. h5 gxf4 44. g4 Rb5 45. h6 Ng5 46. Ra8
Rb6 47. Rh8 f5 48. h7 Nxh7 49. Rxh7 fxg4 50. Rxf7 f3 51. Rf4 Ke6 52. Nc5+ 1-0

[Event "XV Festival A"]
[Site "Trieste ITA"]
[Date "2013.08.31"]
[Round "1"]
[White "Tonel, Giulia"]
[Black "Mocchi, Tullio"]
[WhiteElo "1973"]
[BlackElo "2245"]
[Result "1-0"]
[PlyCount "81"]
[EventDate "2013.08.31"]

1. d4 Nf6 2. c4 e6 3. Nc3 Bb4 4. Qc2 d5 5. a3 Bxc3+ 6. Qxc3 Ne4 7. Qc2 Nc6 8.
e3 e5 9. Nf3 Bf5 10. Bd3 exd4 11. Nxd4 Nxd4 12. exd4 O-O 13. O-O Qd7 14. c5 Bg6
15. Bf4 Qg4 16. Bxc7 Ng5 17. Bd6 Rfe8 18. Bxg6 hxg6 19. Qd3 Re2 20. Rae1 Rae8
21. Be5 Rxb2 22. h3 Qf5 23. Qxf5 gxf5 24. Rb1 Rxb1 25. Rxb1 Re7 26. f4 Ne6 27.
g4 f6 28. gxf5 Nd8 29. Bd6 Rd7 30. Kf2 Nc6 31. Ke3 Na5 32. Kd3 Kf7 33. a4 Nc4
34. h4 b6 35. h5 Rb7 36. c6 Nxd6 37. cxb7 Nxb7 38. Rc1 Na5 39. Rc7+ Kf8 40.
Rxa7 Nc4 41. Kc3 1-0

[Event "XV Festival A"]
[Site "Trieste ITA"]
[Date "2013.08.31"]
[Round "1"]
[White "Zuttioni, Federico"]
[Black "Mazi, Leon"]
[WhiteElo "2068"]
[BlackElo "2368"]
[Result "1/2-1/2"]
[PlyCount "30"]
[EventDate "2013.08.31"]

1. e4 c5 2. Nf3 d6 3. g3 Nf6 4. Nc3 e5 5. d3 h6 6. Nd2 Nc6 7. Nc4 Rb8 8. Ne3 g6
9. h4 Bg7 10. Bh3 Be6 11. f4 Nd4 12. f5 gxf5 13. exf5 Bd7 14. Ne4 Bc6 15. Bg2
c4 1/2-1/2

[Event "XV Festival A"]
[Site "Trieste ITA"]
[Date "2013.09.01"]
[Round "2"]
[White "Armstrong, Malcolm J."]
[Black "Srebrnic, Vojko"]
[WhiteElo "2014"]
[BlackElo "2202"]
[Result "1/2-1/2"]
[PlyCount "138"]
[EventDate "2013.08.31"]

1. d4 Nf6 2. Nf3 e6 3. g3 b6 4. Bg2 Bb7 5. O-O Be7 6. c4 d6 7. Nc3 O-O 8. Qc2
c5 9. Rd1 cxd4 10. Nxd4 Bxg2 11. Kxg2 Qc8 12. b3 Nc6 13. Nf3 Qb7 14. e4 Rfd8
15. Qe2 Rac8 16. Bb2 Ne8 17. Kg1 Bf6 18. Rd2 Rd7 19. Rad1 Rcd8 20. Nb5 Bxb2 21.
Rxb2 a6 22. Nc3 Ne5 23. Rbd2 Nxf3+ 24. Qxf3 Qc6 25. a4 Qc5 26. Qd3 Nf6 27. Kg2
Ng4 28. Qe2 Ne5 29. f4 Nc6 30. Rd3 Nb4 31. R3d2 Kf8 32. Qf2 Qxf2+ 33. Kxf2 Ke7
34. Ke3 Nc6 35. Rd3 g6 36. Ne2 f5 37. exf5 gxf5 38. Nd4 Nxd4 39. Rxd4 Rc7 40.
h3 h5 41. Kf3 b5 42. cxb5 axb5 43. Rb4 Rc3+ 44. Kf2 bxa4 45. bxa4 Ra3 46. Rdb1
Rc8 47. R1b3 Rc2+ 48. Kf3 Rc3+ 49. Rxc3 Rxc3+ 50. Kf2 h4 51. gxh4 Rxh3 52. a5
Rxh4 53. a6 Rh2+ 54. Ke3 Ra2 55. Rb7+ Kf6 56. Rb6 Ra3+ 57. Kd4 Ra4+ 58. Ke3 d5
59. Rd6 Ke7 60. Rb6 Kd7 61. Kf3 Ra3+ 62. Ke2 Ke7 63. Kd2 d4 64. Ke2 d3+ 65. Kd2
Ra4 66. Rb7+ Kd6 67. a7 Kd5 68. Kxd3 Ra3+ 69. Ke2 Ra2+ 1/2-1/2

[Event "XV Festival A"]
[Site "Trieste ITA"]
[Date "2013.09.01"]
[Round "2"]
[White "Chetverik, Maxim"]
[Black "Zuttioni, Federico"]
[WhiteElo "2260"]
[BlackElo "2068"]
[Result "1/2-1/2"]
[PlyCount "152"]
[EventDate "2013.08.31"]

1. d4 Nf6 2. c4 e6 3. Nf3 Bb4+ 4. Bd2 Qe7 5. g3 Nc6 6. Nc3 Bxc3 7. Bxc3 Ne4 8.
Rc1 O-O 9. Bg2 d6 10. O-O Nxc3 11. Rxc3 a5 12. d5 Nb8 13. dxe6 fxe6 14. Nd4 c6
15. f4 Na6 16. Re3 Nc5 17. b3 Qc7 18. Nf3 Bd7 19. Qd4 Rad8 20. Rd1 Bc8 21. Rd2
b5 22. Kh1 b4 23. h4 a4 24. Ng5 h6 25. Ne4 Nxe4 26. Qxe4 axb3 27. Qxc6 Qxc6 28.
Bxc6 bxa2 29. Rxa2 Rf5 30. Ra7 Rc5 31. Bb5 d5 32. Re5 b3 33. Ra4 Bb7 34. Kh2
Rdc8 35. Rb4 dxc4 36. Rxc5 Rxc5 37. Bxc4 Bd5 38. Bxb3 Bxb3 39. Rxb3 h5 40. Kg2
Kf7 41. Kf3 Kf6 42. Rb7 Rc3+ 43. e3 g6 44. Rd7 Ra3 45. Rd2 Kf5 46. Rb2 Rc3 47.
Rb5+ Kf6 48. Ra5 Rb3 49. Ke4 Rb4+ 50. Kd3 Rb3+ 51. Kd4 Rb4+ 52. Kc3 Rb1 53. e4
Rg1 54. Rg5 Ra1 55. Kd3 Ra3+ 56. Ke2 Ra2+ 57. Kf3 Ra3+ 58. Kg2 Ra2+ 59. Kh3 Rf2
60. Ra5 Rf3 61. Ra7 e5 62. Ra6+ Kg7 63. Kg2 Re3 64. f5 gxf5 65. exf5 e4 66.
Rg6+ Kh7 67. Rg5 Kh6 68. Kf2 Ra3 69. Ke2 Rb3 70. Rg6+ Kh7 71. Kd2 Ra3 72. Ke2
Rb3 73. Re6 Rxg3 74. Rxe4 Kg7 75. Kf2 Ra3 76. Ke2 Rh3 1/2-1/2

[Event "XV Festival A"]
[Site "Trieste ITA"]
[Date "2013.09.01"]
[Round "2"]
[White "Franca, Veronika"]
[Black "Capaliku, Aleks"]
[WhiteElo "1927"]
[BlackElo "2140"]
[Result "1/2-1/2"]
[PlyCount "114"]
[EventDate "2013.08.31"]

1. d4 d5 2. c4 e6 3. cxd5 exd5 4. Nc3 f5 5. Nf3 Nf6 6. g3 c6 7. Bg2 Bd6 8. O-O
O-O 9. Bf4 Ne4 10. Bxd6 Nxd6 11. e3 Nd7 12. Qc2 Qe7 13. Rfc1 b6 14. Ne2 Bb7 15.
Nf4 Ne4 16. Qb3 a5 17. a4 Rfc8 18. Nd3 c5 19. dxc5 Ndxc5 20. Qd1 Rd8 21. Nd4 g6
22. b3 Rac8 23. Bf1 h5 24. Nf4 Qf7 25. h4 Kh7 26. Bb5 Kh6 27. Ra2 Qf6 28. Be2
Qf7 29. Bb5 Nf6 30. Nf3 Ng4 31. Rd2 Ne4 32. Rxc8 Rxc8 33. Ng5 Nxg5 34. hxg5+
Kxg5 35. Nxd5 Bxd5 36. Rxd5 Nf6 37. Rd8 Rc7 38. Bc4 Qe7 39. Qd6 Ne4 40. Qxe7+
Rxe7 41. Rb8 Rd7 42. Rxb6 Rd1+ 43. Kg2 Rd2 44. Bf7 Nd6 45. Bc4 Nxc4 46. bxc4
Ra2 47. c5 Rxa4 48. Ra6 Ra2 49. c6 Rc2 50. Rxa5 Rxc6 51. Ra4 Re6 52. Kf3 Kf6
53. Rb4 g5 54. e4 fxe4+ 55. Rxe4 Rxe4 56. Kxe4 Ke6 57. f4 gxf4 1/2-1/2

[Event "XV Festival A"]
[Site "Trieste ITA"]
[Date "2013.09.01"]
[Round "2"]
[White "Ioffe, Evgeny"]
[Black "Tomazini, Zan"]
[WhiteElo "2029"]
[BlackElo "2302"]
[Result "1/2-1/2"]
[PlyCount "131"]
[EventDate "2013.08.31"]

1. e4 c5 2. c3 d5 3. exd5 Qxd5 4. d4 g6 5. Nf3 Bg7 6. dxc5 Qxd1+ 7. Kxd1 Nc6 8.
Be3 Nf6 9. Nbd2 Ng4 10. Bb5 Nxe3+ 11. fxe3 Bd7 12. Ke2 Rc8 13. Rhd1 Nb8 14.
Bxd7+ Nxd7 15. Nb3 Nxc5 16. Rd5 Na4 17. Rd2 b5 18. Nbd4 a6 19. Rad1 O-O 20. Rc2
Nb6 21. Kf2 Rfd8 22. Ke2 Rd7 23. Rdc1 Rdc7 24. Nd2 Nd5 25. a3 Bh6 26. Nf1 Rc4
27. Rd1 e6 28. g3 Nf6 29. h3 R4c5 30. g4 a5 31. Nb3 Re5 32. Kf3 b4 33. axb4
axb4 34. c4 Ne4 35. Rd3 f5 36. Nbd2 Nc5 37. Rd4 Rf8 38. Ke2 Bg7 39. Nf3 Re4 40.
Rxe4 fxe4 41. Nd4 Nd3 42. Ng3 Rf2+ 43. Kd1 Nxb2+ 44. Kc1 Rxc2+ 45. Kxc2 Nxc4
46. Nxe6 Nxe3+ 47. Kb3 Be5 48. Nxe4 Nd5 49. Kc4 Nc3 50. N6c5 Ne2 51. Kxb4 Nf4
52. Nf2 Bd4 53. Ncd3 Kf7 54. Kc4 Bxf2 55. Nxf2 Kf6 56. Kd4 Kg5 57. Ke4 Nxh3 58.
Nxh3+ Kxg4 59. Nf4 g5 60. Ne6 h6 61. Nd8 Kh3 62. Nf7 g4 63. Nxh6 g3 64. Nf7 g2
65. Ng5+ Kg3 66. Nf3 1/2-1/2

[Event "XV Festival A"]
[Site "Trieste ITA"]
[Date "2013.09.01"]
[Round "2"]
[White "Ioffe, Ilya"]
[Black "Ivanovic, Andrej"]
[WhiteElo "1979"]
[BlackElo "2143"]
[Result "0-1"]
[PlyCount "88"]
[EventDate "2013.08.31"]

1. e4 c5 2. c3 g6 3. d4 cxd4 4. cxd4 d5 5. e5 Bg7 6. Nc3 Nc6 7. h3 h5 8. g3 e6
9. Nge2 Nh6 10. Bg2 Nf5 11. O-O Bd7 12. b3 Bf8 13. Bb2 Rc8 14. Qd2 Be7 15. Nd1
Nb4 16. Bc3 a5 17. Rc1 O-O 18. a3 Nc6 19. Qb2 Qb6 20. g4 hxg4 21. hxg4 Nh4 22.
Bh1 f6 23. exf6 Rxf6 24. f4 Bd6 25. Ne3 Ne7 26. g5 Rf7 27. Ng4 Kg7 28. Ne5 Bxe5
29. fxe5 Nhf5 30. Rf2 Rh8 31. Rcf1 Bb5 32. Bg2 Bxe2 33. Rxe2 Nc6 34. Rf4 Rh5
35. Rg4 Qb5 36. Qc2 Qb6 37. Qd1 Qd8 38. Qd2 Nh4 39. Rf2 Rxf2 40. Qxf2 Nf5 41.
Qd2 Qb6 42. Qd1 Nxe5 43. Bxa5 Qxa5 44. dxe5 Qc5+ 0-1

[Event "XV Festival A"]
[Site "Trieste ITA"]
[Date "2013.09.01"]
[Round "2"]
[White "Jovanic, Ognjen"]
[Black "Dvirnyy, Danyyil"]
[WhiteElo "2519"]
[BlackElo "2549"]
[Result "1/2-1/2"]
[PlyCount "94"]
[EventDate "2013.08.31"]

1. d4 Nf6 2. c4 g6 3. Nc3 d5 4. e3 Bg7 5. cxd5 Nxd5 6. Nxd5 Qxd5 7. Ne2 O-O 8.
Nc3 Qd8 9. Be2 c6 10. O-O e5 11. dxe5 Bxe5 12. e4 Qh4 13. f4 Rd8 14. Qe1 Bd4+
15. Kh1 Qxe1 16. Rxe1 Be6 17. Rd1 Na6 18. Rf1 f6 19. f5 Bf7 20. fxg6 hxg6 21.
Bxa6 bxa6 22. Bf4 Re8 23. Rac1 Rad8 24. h3 Kg7 25. a3 g5 26. Bh2 Bb3 27. Rf3 c5
28. Bg1 Bf7 29. Re1 Bh5 30. Rd3 f5 31. b4 fxe4 32. Nxe4 Bg6 33. bxc5 Bxg1 34.
Rxd8 Rxd8 35. Kxg1 Re8 36. c6 Rxe4 37. Rxe4 Bxe4 38. c7 Bf5 39. g4 Be6 40. Kf2
Kf6 41. Kg3 Ke5 42. h4 gxh4+ 43. Kxh4 Kd6 44. Kg3 Kxc7 45. Kf4 Kd6 46. Ke4 Kc5
47. Kd3 Bxg4 1/2-1/2

[Event "XV Festival A"]
[Site "Trieste ITA"]
[Date "2013.09.01"]
[Round "2"]
[White "Matijevic, Filip"]
[Black "Mocchi, Tullio"]
[WhiteElo "2136"]
[BlackElo "2245"]
[Result "1-0"]
[PlyCount "157"]
[EventDate "2013.08.31"]

1. e4 c6 2. d4 d5 3. Nc3 dxe4 4. Nxe4 Nd7 5. Ng5 Ngf6 6. Bd3 e6 7. N1f3 Bd6 8.
Qe2 h6 9. Ne4 Nxe4 10. Qxe4 Nf6 11. Qh4 Qa5+ 12. Bd2 Qh5 13. Qxh5 Nxh5 14. Ne5
Nf6 15. f4 h5 16. O-O-O g6 17. h3 h4 18. Rhe1 O-O 19. c4 Rd8 20. Be2 Ne4 21.
Be3 Bb4 22. Rg1 Ng3 23. Bf3 Kg7 24. Bf2 f6 25. Nd3 Bd6 26. Kc2 Rb8 27. Rge1 Kf7
28. d5 cxd5 29. Bxa7 Ra8 30. Bb6 Re8 31. cxd5 Rxa2 32. Kb1 Ra6 33. Bd4 Nf5 34.
Bc3 b5 35. b4 Ra4 36. Nc5 Bxc5 37. bxc5 Rc4 38. d6 Bd7 39. c6 Bxc6 40. Bxc6 Rd8
41. Ba5 Rxd6 42. Rxd6 Nxd6 43. Bd7 Rxf4 44. Bxe6+ Kg7 45. Rd1 Ne4 46. Rd7+ Kh6
47. Bb6 Rf1+ 48. Kc2 f5 49. Be3+ f4 50. Bd4 Ng3 51. Bg4 Nf5 52. Bc5 Kg5 53. Rb7
Ne3+ 54. Bxe3 fxe3 55. Kd3 Rf2 56. Rxb5+ Kf4 57. Rb4+ Kg3 58. Kxe3 Rxg2 59. Rb6
Ra2 60. Rxg6 Ra3+ 61. Ke4 Ra4+ 62. Ke5 Ra5+ 63. Kf6 Kf4 64. Be6 Rh5 65. Rg4+
Kf3 66. Kg6 Rh8 67. Kg5 Rh7 68. Bd5+ Ke3 69. Rxh4 Rd7 70. Be6 Rg7+ 71. Kf5 Kf3
72. Bd5+ Ke3 73. Re4+ Kd3 74. Rg4 Rh7 75. h4 Rh5+ 76. Ke6 Ke3 77. Be4 Rh6+ 78.
Kf5 Rh8 79. Kg5 1-0

[Event "XV Festival A"]
[Site "Trieste ITA"]
[Date "2013.09.01"]
[Round "2"]
[White "Mazi, Leon"]
[Black "Linder, Oliver"]
[WhiteElo "2368"]
[BlackElo "1983"]
[Result "1-0"]
[PlyCount "79"]
[EventDate "2013.08.31"]

1. e4 e6 2. d3 d5 3. Nd2 c5 4. Ngf3 Nc6 5. g3 Nf6 6. Bg2 Be7 7. O-O dxe4 8.
dxe4 e5 9. c3 O-O 10. Re1 Qc7 11. Qe2 h6 12. Nc4 Bg4 13. h3 Be6 14. Nh4 Qc8 15.
Kh2 Ne8 16. Nf3 Qc7 17. Ne3 Rd8 18. Nf5 Bf6 19. Nd2 Nd6 20. Ne3 Nc8 21. Nd5
Bxd5 22. exd5 N6e7 23. Ne4 Nxd5 24. c4 Nde7 25. Nxf6+ gxf6 26. Bxh6 Rfe8 27. h4
Qd7 28. b3 b6 29. Rad1 Qe6 30. Bh3 f5 31. Bg5 f6 32. Be3 Nc6 33. Qf3 N8e7 34.
g4 fxg4 35. Bxg4 f5 36. Bh3 Rxd1 37. Rxd1 Nd4 38. Qh5 Ng6 39. Rg1 Kf7 40. Qh7+
1-0

[Event "XV Festival A"]
[Site "Trieste ITA"]
[Date "2013.09.01"]
[Round "2"]
[White "Mchedlishvili, Mikheil"]
[Black "Bruno, Fabio"]
[WhiteElo "2633"]
[BlackElo "2421"]
[Result "1-0"]
[PlyCount "69"]
[EventDate "2013.08.31"]

1. d4 d5 2. c4 c6 3. Nf3 e6 4. Qc2 dxc4 5. Qxc4 b5 6. Qc2 Bb7 7. e4 Nd7 8. Bd3
Ngf6 9. Bg5 Qb6 10. Nc3 a6 11. e5 h6 12. Bd2 Nd5 13. Nxd5 cxd5 14. Rc1 Be7 15.
O-O g5 16. Be3 Rc8 17. Qe2 Rxc1 18. Rxc1 Kf8 19. h4 g4 20. Nd2 h5 21. g3 Kg7
22. Nb3 b4 23. Qd2 Rc8 24. Bg5 Rxc1+ 25. Qxc1 f6 26. exf6+ Nxf6 27. Bh6+ Kf7
28. Qg5 Ke8 29. Qg6+ Kd8 30. Bg5 Ne8 31. Nc5 Bc8 32. Bxe7+ Kxe7 33. Qxh5 Qa5
34. Qg5+ Kf8 35. Qg6 1-0

[Event "XV Festival A"]
[Site "Trieste ITA"]
[Date "2013.09.01"]
[Round "2"]
[White "Milazzo, Mario"]
[Black "Sirnik, Bostjan"]
[WhiteElo "2040"]
[BlackElo "2211"]
[Result "0-1"]
[PlyCount "96"]
[EventDate "2013.08.31"]

1. d4 d5 2. Nf3 c6 3. Bf4 Bf5 4. e3 e6 5. Nbd2 Bd6 6. Bg3 Nf6 7. Ne5 Ne4 8.
Nxe4 Bxe4 9. Bd3 Bxd3 10. Nxd3 Bxg3 11. hxg3 Nd7 12. Qd2 Qb6 13. c3 Nf6 14. f3
Qc7 15. Kf2 Nd7 16. Rae1 O-O-O 17. Qc2 h5 18. c4 g5 19. cxd5 exd5 20. Nc5 Nxc5
21. dxc5 Qe5 22. Qa4 h4 23. gxh4 gxh4 24. Rxh4 Rdg8 25. Rg4 f5 26. Qd4 Qe7 27.
Rxg8+ Rxg8 28. Qf4 Qxc5 29. Qxf5+ Kb8 30. Re2 a6 31. Qe5+ Ka8 32. g4 Qc1 33.
Kg2 Qb1 34. a3 Qh7 35. Qh2 Qd3 36. Kf2 d4 37. Qe5 c5 38. exd4 cxd4 39. Qe4 Qd1
40. Re1 Qd2+ 41. Re2 Qh6 42. Qxd4 Qh2+ 43. Ke1 Qh1+ 44. Kd2 Rc8 45. Re3 Qc1+
46. Ke2 Rc2+ 47. Kd3 Rd2+ 48. Ke4 Qc6+ 0-1

[Event "XV Festival A"]
[Site "Trieste ITA"]
[Date "2013.09.01"]
[Round "2"]
[White "Plenca, Jadranko"]
[Black "Cretnik, Urban"]
[WhiteElo "2138"]
[BlackElo "1924"]
[Result "1-0"]
[PlyCount "51"]
[EventDate "2013.08.31"]

1. e4 c5 2. Nf3 Nc6 3. c3 d5 4. exd5 Qxd5 5. d4 g6 6. Be2 Bg7 7. dxc5 Qxc5 8.
Be3 Qa5 9. O-O Nf6 10. h3 O-O 11. Na3 Be6 12. Nb5 Rfd8 13. Qc1 Rac8 14. Nd2 b6
15. g4 Ne5 16. Rd1 Bd5 17. Bf1 Bc4 18. Nxc4 Rxd1 19. Qxd1 Nxc4 20. Bxc4 Rxc4
21. Qd8+ Bf8 22. Bh6 Nd7 23. Rd1 Qa6 24. Rxd7 Rc8 25. Rd1 Qb7 26. Qd2 1-0